000 00510nam a22001697a 4500
999 _c130082
_d130082
008 191127b ||||| |||| 00| 0 eng d
050 _aHX550.L3
_bB66 1986
100 _aBond-Stewart, Kathy
_944482
245 _aLand
_ckathy Bond-Stewart and illustrated by Chris Hodzi
260 _aHarare
_bMambo Press
_c1986
300 _a107p. ;
_c31cm.
650 _aLand tenure
_948832
650 _aLand, Nationalization of
_948833
650 _aCommunism
_948834
650 _aCapitalism
_93
942 _2lcc
_cMONOGRAPH